LEADER 01183nam a2200241 u 4500 001 000000111376 003 CaOOAMICUS 005 20080429132058.0 008 080429s2007 it u000 u ita u 020 $z978-88-8483-607-6* 040 $aPUL$bita$dBc 245 00$aBergson, l'Évolution Crèatrice e il problema religioso /$ca cura di Giovanni Invitto. 260 $aMilano :$bMimesis,$c2007. 300 $a130 p. ;$c21 cm. 500 $aContiene il testo delle relazioni svolte nel Convegno internazionale su "L'Évolution créatrice e il problema religioso", tenuto a Lecce, presso l'Università del Salento, nel maggio 2007 600 14$aBergson, Henri,$d1859-1941$xFilosofia.$0(OLS)http://pul/subject/1803 700 1 $aInvitto, Giovanni.$0(OLS)http://pul/name/20203 850 $aPUL 852 $aPUL$W1$xSL Filosofia 3$y81$m194 INVGI 1$j127670$qDDC 21$B126373$CPULBib$Z2$F126373 $H107208 $82 941 1 $a9 996 $6020$z978-88-8483-607-6*$9(OLS)http://pul/number/137858 996 $6245$aBergson, l'Évolution Crèatrice e il problema religioso$9(OLS)http://pul/title/140042 996 $6260$aMilano :$bMimesis$9(OLS)http://pul/publisher/62763 LEADER 01312nam a2200277 u 4500 001 000000049718 003 CaOOAMICUS 005 20070226115137.0 008 000710r19691899stk u000 u eng u 035 $a10851928 040 $aPUL(R)$bita 100 1 $aSmith, Henry Preserved,$d1847-1927.$0(OLS)http://pul/name/24569 245 12$aA critical and exegetical commentary on the Books of Samuel /$cby Henry Preserved Smith .. 260 $aEdinburgh :$bT. & T. Clark,$c1969. 300 $axxxix, 421 p. ;$c22 cm 490 1 $aInternational critical commentary on the Holy Scriptures of the Old and New Testaments 500 $aInclude indici. 500 $aRistampa della 1. ed. del 1899. 630 04$aBiblia.$pV.T.$pSamuelis I-II$xCommenti.$0(OLS)http://pul/subject/37746 830 0$aInternational critical commentary on the Holy Scriptures of the Old and New Testaments.$0(OLS)http://pul/title/41926 850 $aPUL 852 $aPUL$W1$xDP1 Fondo Ciprotti$y59$m1533 G 15$j66012$nBK-PRI$b $qFondi$B66012$CPULBib$Z2$F66012 $H $81 941 1 $a1 961 $aINV: 0412. Fondo Ciprotti 996 $6245$aA critical and exegetical commentary on the Books of Samuel$9(OLS)http://pul/title/41941 996 $6260$aEdinburgh :$bT. & T. Clark$9(OLS)http://pul/publisher/51693